Catálogo

RESUMENES ANALITICOS SOBRE EDUCACION DE ADULTOS (Registro nro. 19731)

Detalles MARC
000 -LEADER
fixed length control field 00385nam a2200145 a 4500
001 - CONTROL NUMBER
control field 19731
005 - DATE AND TIME OF LATEST TRANSACTION
control field 20180713213216.0
008 - FIXED-LENGTH DATA ELEMENTS--GENERAL INFORMATION
fixed length control field 140415s1994 000 0 spa d
041 ## - LANGUAGE CODE
Language code of text/sound track or separate title spa
082 ## - DEWEY DECIMAL CLASSIFICATION NUMBER
Classification number 374.14
Item number RES
245 00 - TITLE STATEMENT
Title RESUMENES ANALITICOS SOBRE EDUCACION DE ADULTOS
260 ## - PUBLICATION, DISTRIBUTION, ETC.
Place of publication, distribution, etc. [s.l.] :
Name of publisher, distributor, etc. CREFAL,
Date of publication, distribution, etc. 1994
300 ## - PHYSICAL DESCRIPTION
Extent 117
650 14 - SUBJECT ADDED ENTRY--TOPICAL TERM
Topical term or geographic name entry element EDUCACION DE ADULTOS
Existencias
Withdrawn status Lost status Source of classification or shelving scheme Damaged status Not for loan Collection code Home library Current library Shelving location Date acquired Source of acquisition Inventory number Total Checkouts Full call number Barcode Date last seen Date last checked out Price effective from Koha item type
    Dewey Decimal Classification     General Biblioteca Karol Wojtyla Biblioteca Karol Wojtyla Sala general 03/12/2013 Compra 151000000000000000041096   374.14 RES 39306 05/01/2026 17/01/2015 03/12/2013 Libro